Unlocking land law (Record no. 116293)
[ view plain ]
| 000 -LEADER | |
|---|---|
| fixed length control field | 01111cam a2200229 4500 |
| 001 - CONTROL NUMBER | |
| control field | L160241 |
| 008 - FIXED-LENGTH DATA ELEMENTS--GENERAL INFORMATION | |
| fixed length control field | 190517n2019 000 0 eng u |
| 020 ## - INTERNATIONAL STANDARD BOOK NUMBER | |
| International Standard Book Number | 9780203732885 |
| 035 ## - SYSTEM CONTROL NUMBER | |
| System control number | (Sirsi) u160241 |
| 041 ## - LANGUAGE CODE | |
| Language code of text/sound track or separate title | eng |
| 050 ## - LIBRARY OF CONGRESS CALL NUMBER | |
| Classification number | 346.41043 |
| -- | 18 |
| 100 ## - MAIN ENTRY--PERSONAL NAME | |
| Personal name | Bray, Judith |
| 245 ## - TITLE STATEMENT | |
| Title | Unlocking land law |
| Medium | [electronic resource] |
| 250 ## - EDITION STATEMENT | |
| Edition statement | 6th ed |
| 260 ## - PUBLICATION, DISTRIBUTION, ETC. | |
| Place of publication, distribution, etc. | Abingdon |
| Name of publisher, distributor, etc. | Routldge |
| Date of publication, distribution, etc. | 2019 |
| 520 ## - SUMMARY, ETC. | |
| Summary, etc. | Covers all aspects of land law including common law and equity; registered land; the transfer and creation of property interests; equitable rights in land; proprietary estoppel; co-ownership; trusts of land; easements; restrictive covenants; mortgages; leases; adverse possession; and commonhold. Includes tables of cases, statutes and statutory instruments. Combines explanations of the law with short summaries of cases and some practical exercises. |
| 520 ## - SUMMARY, ETC. | |
| Summary, etc. | 4th ed 2004 ISBN 0340815647 (5th ed not available) |
| 651 #4 - SUBJECT ADDED ENTRY--GEOGRAPHIC NAME | |
| Geographic name | ENGLAND AND WALES |
| 690 ## - LOCAL SUBJECT ADDED ENTRY--TOPICAL TERM (OCLC, RLIN) | |
| Topical term or geographic name as entry element | LAND |
| 856 40 - ELECTRONIC LOCATION AND ACCESS | |
| Uniform Resource Identifier | <a href="https://www.vlebooks.com/">https://www.vlebooks.com/</a> |
| Public note | View on VLEbooks. Logins for members only from [email protected] |
| 942 ## - ADDED ENTRY ELEMENTS (KOHA) | |
| Suppress in OPAC | 0 |
| Withdrawn status | Lost status | Source of classification or shelving scheme | Damaged status | Not for loan | Home library | Current library | Shelving location | Date acquired | Total Checkouts | Full call number | Barcode | Date last seen | Copy number | Price effective from | Koha item type |
|---|---|---|---|---|---|---|---|---|---|---|---|---|---|---|---|
| Dewey Decimal Classification | London | London | Online | 17/05/2019 | ONLINE PUBLICATION | 160241-1001 | 06/08/2019 | 1 | 06/08/2019 | Book |